[Event "Chessable Masters KO"]
[Site "chess24.com INT"]
[Date "2021.08.03"]
[Round "1.11"]
[White "So, Wesley"]
[Black "Van Foreest, Jorden"]
[Result "1/2-1/2"]
[WhiteTitle "GM"]
[BlackTitle "GM"]
[WhiteElo "2772"]
[BlackElo "2688"]
[WhiteFideId "5202213"]
[BlackFideId "1039784"]
[EventDate "2021.08.03"]
[EventType "k.o."]

1. c4 Nf6 2. g3 g6 3. Bg2 Bg7 4. d4 O-O 5. Nc3 Nc6 6. Nf3 d5 7. cxd5 Nxd5 8. O-O
e5 9. Nxd5 e4 10. Ng5 Qxd5 11. Nxe4 Qxd4 12. Nc3 Be6 13. Bf4 Qxd1 14. Rfxd1 Rad8
15. Rdc1 Rd7 16. Kf1 Re8 17. Na4 Rde7 18. Bg5 f6 19. Be3 f5 20. Rc2 Bf7 21. Nc5
Nb4 22. Rd2 b6 23. Na4 Nxa2 24. Bg5 Re5 25. Bc6 Rf8 26. Rd7 Nb4 27. Bf3 Ra5 28.
Be7 c5 29. Bxf8 Kxf8 30. Rd8+ Ke7 31. Rb8 Bxb2 32. Rb1 Be5 33. Rb7+ Kf6 34. Nxb6
axb6 35. Rxb6+ Be6 36. g4 h6 37. h4 Ra1 38. Rxa1 Bxa1 39. h5 gxh5 40. gxf5 Kxf5
41. Bxh5 Bd5 42. f3 Kg5 43. Be8 Be5 44. Kf2 Bd4+ 45. e3 Nd3+ 46. Ke2 Nc1+ 47.
Kd2 Nb3+ 48. Ke2 Nc1+ 49. Kd2 Nb3+ 50. Ke2 Nc1+ 1/2-1/2

[Event "Chessable Masters KO"]
[Site "chess24.com INT"]
[Date "2021.08.03"]
[Round "1.11"]
[White "Aronian, Levon"]
[Black "Mamedyarov, Shakhriyar"]
[Result "1/2-1/2"]
[WhiteTitle "GM"]
[BlackTitle "GM"]
[WhiteElo "2782"]
[BlackElo "2782"]
[WhiteFideId "13300474"]
[BlackFideId "13401319"]
[EventDate "2021.08.03"]
[EventType "k.o."]

1. e4 e5 2. Nf3 Nc6 3. Bb5 a6 4. Ba4 Nf6 5. d3 b5 6. Bb3 Bc5 7. c3 O-O 8. O-O d5
9. exd5 Nxd5 10. Re1 Bg4 11. h3 Bh5 12. Bg5 f6 13. Be3 Bxe3 14. fxe3 Kh8 15.
Nbd2 f5 16. Qe2 f4 17. e4 Ne3 18. Nf1 Nxf1 19. Qxf1 Bxf3 20. Qxf3 Ne7 21. d4 Ng6
22. Rad1 Qe7 23. Rd3 Rf6 24. Qh5 Raf8 25. Rf1 Rd6 26. Rdd1 exd4 27. e5 Qxe5 28.
Qxe5 Nxe5 29. cxd4 Nc6 30. d5 Na5 31. Bc2 Nc4 32. Rde1 g6 33. Re7 Rxd5 34. Rxc7
Ne3 35. Rf2 Rd4 36. g3 Nxc2 37. Rcxc2 Kg7 38. Rc7+ Kh6 39. Rc6 a5 40. Rc5 Rd1+
41. Kg2 f3+ 42. Kh2 Re8 43. g4 Re2 44. Kg3 Rxf2 45. Kxf2 Rd2+ 46. Kxf3 Rxb2 47.
h4 a4 48. a3 Kg7 49. Kf4 Rb3 50. Ke5 Re3+ 51. Kf4 Rb3 52. Ke5 Kf7 53. Rc7+ Ke8
54. Rb7 Kd8 55. Kd6 Ke8 56. Rb8+ Kf7 57. g5 Rd3+ 58. Ke5 Rxa3 59. Rxb5 Re3+ 60.
Kd5 Rd3+ 61. Ke5 Ke7 62. Ra5 Re3+ 63. Kd5 Rd3+ 64. Ke5 Re3+ 65. Kd5 Rd3+ 66. Ke5 1/2-1/2

[Event "Chessable Masters KO"]
[Site "chess24.com INT"]
[Date "2021.08.03"]
[Round "1.12"]
[White "Van Foreest, Jorden"]
[Black "So, Wesley"]
[Result "1-0"]
[WhiteTitle "GM"]
[BlackTitle "GM"]
[WhiteElo "2688"]
[BlackElo "2772"]
[WhiteFideId "1039784"]
[BlackFideId "5202213"]
[EventDate "2021.08.03"]
[EventType "k.o."]

1. e4 e5 2. Nf3 Nc6 3. Bb5 Nf6 4. d3 Bc5 5. Bg5 Ne7 6. Bxf6 gxf6 7. d4 exd4 8.
O-O c6 9. Bc4 O-O 10. Nxd4 d6 11. Nc3 f5 12. Qd2 Kh8 13. Rad1 Bb6 14. Nf3 fxe4
15. Nxe4 Nf5 16. g4 Ng7 17. Qh6 Bxg4 18. Nfg5 Bf5 19. Nxd6 1-0

[Event "Chessable Masters KO"]
[Site "chess24.com INT"]
[Date "2021.08.03"]
[Round "1.12"]
[White "Mamedyarov, Shakhriyar"]
[Black "Aronian, Levon"]
[Result "0-1"]
[WhiteTitle "GM"]
[BlackTitle "GM"]
[WhiteElo "2782"]
[BlackElo "2782"]
[WhiteFideId "13401319"]
[BlackFideId "13300474"]
[EventDate "2021.08.03"]
[EventType "k.o."]

1. d4 Nf6 2. c4 e6 3. Nf3 d5 4. Nc3 Bb4 5. Bg5 dxc4 6. e4 c5 7. Bxc4 cxd4 8.
Nxd4 Qa5 9. Bb5+ Bd7 10. Bxf6 gxf6 11. O-O a6 12. Nb3 Qb6 13. Bxd7+ Nxd7 14. Rc1
h5 15. Qe2 Ke7 16. Kh1 Rac8 17. f4 h4 18. h3 Rhg8 19. e5 Bxc3 20. bxc3 Rg3 21.
exf6+ Nxf6 22. Nd4 Rgxc3 23. Nf5+ Kf8 24. Rxc3 Rxc3 25. Nxh4 Qe3 26. Qxe3 Rxe3
27. Nf3 Nh5 28. Kh2 Re2 29. f5 e5 30. Re1 Rxa2 31. Nxe5 Kg7 32. Rd1 Re2 33. Ng4
b5 34. Ra1 b4 35. Rxa6 b3 36. Rb6 b2 37. Ne5 Rxe5 38. Rxb2 Re3 39. Kg1 Ng3 40.
Kf2 Ra3 41. Rb5 Kf6 42. Rb6+ Kxf5 43. Rb5+ Kf4 44. Rb4+ Ne4+ 45. Kg1 Kg3 46. Rb1
f5 47. Rf1 f4 0-1

[Event "Chessable Masters KO"]
[Site "chess24.com INT"]
[Date "2021.08.03"]
[Round "1.13"]
[White "So, Wesley"]
[Black "Van Foreest, Jorden"]
[Result "1-0"]
[WhiteTitle "GM"]
[BlackTitle "GM"]
[WhiteElo "2772"]
[BlackElo "2688"]
[WhiteFideId "5202213"]
[BlackFideId "1039784"]
[EventDate "2021.08.03"]
[EventType "k.o."]

1. d4 Nf6 2. c4 g6 3. g3 Bg7 4. Bg2 O-O 5. Nc3 Nc6 6. h3 Rb8 7. e3 e5 8. d5 Na5
9. Qd3 b6 10. e4 c6 11. b4 Nb7 12. Nf3 a5 13. a3 Ra8 14. Rb1 axb4 15. axb4 c5
16. b5 d6 17. O-O Bd7 18. Bd2 Ra3 19. Ne1 Qe7 20. Nc2 Ra7 21. Ra1 Rfa8 22. Rxa7
Rxa7 23. Ra1 Rxa1+ 24. Nxa1 Qd8 25. Qc2 h5 26. h4 Kh7 27. Qa4 Na5 28. Nd1 Bg4
29. f3 Bc8 30. Nb3 Nxb3 31. Qxb3 Bh6 32. Bxh6 Kxh6 33. Qe3+ Kg7 34. Qa3 Nh7 35.
Qa8 Qc7 36. Nf2 Nf6 37. Kh2 Bd7 38. Nd3 Nh7 39. f4 Nf6 40. Nf2 exf4 41. gxf4 Bg4
42. Qa1 Qe7 43. e5 dxe5 44. fxe5 Nd7 45. e6+ Qf6 46. Qxf6+ Nxf6 47. e7 Ne8 48.
d6 Nxd6 49. Nxg4 hxg4 50. Bc6 f5 51. e8=N+ Nxe8 52. Bxe8 f4 53. Bd7 g3+ 54. Kg2
g5 55. hxg5 Kg6 56. Kf3 Kxg5 57. Bh3 Kh4 58. Bf5 Kg5 59. Be4 1-0

[Event "Chessable Masters KO"]
[Site "chess24.com INT"]
[Date "2021.08.03"]
[Round "1.13"]
[White "Aronian, Levon"]
[Black "Mamedyarov, Shakhriyar"]
[Result "1-0"]
[WhiteTitle "GM"]
[BlackTitle "GM"]
[WhiteElo "2782"]
[BlackElo "2782"]
[WhiteFideId "13300474"]
[BlackFideId "13401319"]
[EventDate "2021.08.03"]
[EventType "k.o."]

1. d4 Nf6 2. c4 e6 3. Nf3 c5 4. e3 d5 5. cxd5 Nxd5 6. e4 Nf6 7. Nc3 cxd4 8. Nxd4
a6 9. Be2 e5 10. Nb3 Qxd1+ 11. Bxd1 Be6 12. Be3 Bb4 13. Nc5 Nbd7 14. Nxe6 fxe6
15. f3 Rc8 16. Rc1 Ke7 17. Bd2 Nb6 18. Bb3 Nc4 19. Bxc4 Rxc4 20. Ne2 Bxd2+ 21.
Kxd2 Rd8+ 22. Ke3 Rdc8 23. Rxc4 Rxc4 24. Rc1 Rxc1 25. Nxc1 Kd6 26. h4 h5 27. Nd3
Nd7 28. f4 a5 29. fxe5+ Nxe5 30. Nxe5 Kxe5 31. a4 b6 32. b3 Kf6 33. Kd4 Ke7 34.
Ke5 Kd7 35. Kf4 Kd6 36. Kg5 Ke5 37. Kxh5 Kxe4 38. Kg6 e5 39. h5 Kd3 40. Kxg7 e4
41. h6 e3 42. h7 e2 43. h8=Q e1=Q 44. Qd8+ Kc2 45. g4 Kxb3 46. g5 Kxa4 47. g6 b5
48. Kf8 Qf2+ 49. Ke8 Qg1 50. Qf6 b4 51. g7 b3 52. Qf4+ Kb5 53. Kf7 Qa7+ 54. Kg6
b2 55. Qf1+ Ka4 56. Qc4+ Ka3 57. Qd3+ Ka4 58. g8=Q Qb6+ 59. Kg7 Qg1+ 60. Kf7
Qa7+ 61. Ke6 Qb6+ 62. Kf7 Qa7+ 63. Kf6 Qb6+ 64. Kg7 Qg1+ 65. Kh8 Qh2+ 66. Qgh7
Qe5+ 67. Kg8 Qe8+ 68. Kg7 Qe5+ 69. Kg6 Qe6+ 70. Kg5 b1=Q 71. Qxb1 Qe7+ 72. Kf4
Qd6+ 73. Kf3 Qa3+ 74. Kg2 1-0

[Event "Chessable Masters KO"]
[Site "chess24.com INT"]
[Date "2021.08.03"]
[Round "1.14"]
[White "Van Foreest, Jorden"]
[Black "So, Wesley"]
[Result "1/2-1/2"]
[WhiteTitle "GM"]
[BlackTitle "GM"]
[WhiteElo "2688"]
[BlackElo "2772"]
[WhiteFideId "1039784"]
[BlackFideId "5202213"]
[EventDate "2021.08.03"]
[EventType "k.o."]

1. e4 e5 2. Nf3 Nc6 3. Bb5 Nf6 4. d3 Bc5 5. Nbd2 d6 6. c3 O-O 7. O-O Ne7 8. d4
exd4 9. cxd4 Bb6 10. h3 d5 11. e5 Ne4 12. Re1 Bf5 13. Ba4 f6 14. Nxe4 Bxe4 15.
exf6 Rxf6 16. Bg5 Bxf3 17. gxf3 Rg6 18. f4 h6 19. Bc2 hxg5 20. Rxe7 Rh6 21. Qe2
Qd6 22. fxg5 Rh4 23. Re1 Rf8 24. Re8 Bxd4 25. Bf5 g6 26. Rxf8+ Qxf8 27. Qe6+ Qf7
28. Qxg6+ Qxg6 29. Bxg6 Kg7 30. Bb1 Rh5 31. Re7+ Kf8 32. Rxc7 Rxg5+ 33. Kf1 Bxb2
34. Rxb7 Bd4 35. Rb3 Bb6 36. Rf3+ Kg7 37. Rg3 Kf6 38. h4 Rh5 39. Rg4 Rh6 40. Kg2
Kf7 41. h5 Rf6 42. f4 Be3 43. Kf3 Bc1 44. Bc2 Kf8 45. Bb3 d4 46. Bc4 Rc6 47. Bd3
Re6 48. Rg1 Be3 49. Rh1 Kg7 50. Kg4 Rf6 51. Bf5 d3 52. Kf3 Rxf5 53. Kxe3 Kh6 54.
Rd1 Ra5 55. Rxd3 Kxh5 56. Ke4 Kg4 57. a3 Ra4+ 58. Ke5 Ra5+ 59. Ke4 Ra4+ 60. Ke5
Ra5+ 61. Ke4 1/2-1/2

[Event "Chessable Masters KO"]
[Site "chess24.com INT"]
[Date "2021.08.04"]
[Round "1.21"]
[White "Van Foreest, Jorden"]
[Black "So, Wesley"]
[Result "0-1"]
[WhiteTitle "GM"]
[BlackTitle "GM"]
[WhiteElo "2688"]
[BlackElo "2772"]
[WhiteFideId "1039784"]
[BlackFideId "5202213"]
[EventDate "2021.08.03"]
[EventType "k.o."]

1. e4 e5 2. Nf3 Nc6 3. Bb5 a6 4. Ba4 Nf6 5. O-O Be7 6. d3 b5 7. Bb3 d6 8. c3 O-O
9. h3 Na5 10. Bc2 c5 11. d4 Nd7 12. d5 Nb6 13. b3 Bd7 14. Be3 g6 15. Nbd2 Kg7
16. Qc1 f5 17. b4 cxb4 18. cxb4 Nb7 19. Qb2 f4 20. Bxb6 Qxb6 21. a4 g5 22. axb5
axb5 23. Rxa8 Rxa8 24. Nh2 h5 25. Bd1 Kh6 26. Be2 Ra4 27. Qc3 Bd8 28. Nb3 Qc7
29. Qf3 Be8 30. Rc1 Qh7 31. Rc6 Rxb4 32. Nc5 Rb1+ 33. Nf1 g4 34. hxg4 Bxc6 35.
g5+ Kxg5 36. Ne6+ Kf6 37. Qh3 Bd7 38. Qh4+ Kg6 39. Nxd8 Nxd8 40. Qxd8 Qf7 41.
Qh8 Bg4 42. Bxg4 hxg4 43. Qd8 g3 44. Qxd6+ Qf6 45. Qd7 Rc1 46. Qg4+ Kh6 47. d6
gxf2+ 48. Kxf2 Qxd6 49. Qh4+ Kg6 50. Qg4+ Kf7 51. Qh5+ Ke7 52. Qh7+ Kd8 53. Qb7
Qc5+ 0-1

[Event "Chessable Masters KO"]
[Site "chess24.com INT"]
[Date "2021.08.04"]
[Round "1.21"]
[White "Mamedyarov, Shakhriyar"]
[Black "Aronian, Levon"]
[Result "0-1"]
[WhiteTitle "GM"]
[BlackTitle "GM"]
[WhiteElo "2782"]
[BlackElo "2782"]
[WhiteFideId "13401319"]
[BlackFideId "13300474"]
[EventDate "2021.08.03"]
[EventType "k.o."]

1. Nf3 d5 2. g3 g6 3. c4 c6 4. Qa4 d4 5. b4 Bg7 6. d3 e5 7. Bg2 Ne7 8. O-O O-O
9. Nbd2 Be6 10. Bb2 h6 11. b5 c5 12. Qc2 Nd7 13. e3 f5 14. exd4 exd4 15. Rfe1
Bf7 16. h4 Nc8 17. Nb3 Nd6 18. Bc1 Be8 19. Bf4 Nf7 20. Qd2 b6 21. a4 a5 22. Re6
Nf6 23. Ne5 Nxe5 24. Bxa8 Nxc4 25. dxc4 Bf7 26. Rc6 Qxa8 27. Bxh6 Qd8 28. Bxg7
Kxg7 29. Qf4 Re8 30. Nd2 Re2 31. Nf3 Qe8 32. Rc7 Re4 33. Qd2 Qb8 34. Rxf7+ Kxf7
35. Qh6 Qg8 36. Ng5+ Ke7 37. Nxe4 fxe4 38. Re1 Qxc4 39. Qg5 d3 40. Kg2 Qd4 41.
Qxg6 c4 42. Qg7+ Ke6 43. Qc7 d2 44. Rd1 c3 45. g4 e3 46. Qc6+ Ke7 47. Qb7+ Qd7 0-1

[Event "Chessable Masters KO"]
[Site "chess24.com INT"]
[Date "2021.08.04"]
[Round "1.22"]
[White "So, Wesley"]
[Black "Van Foreest, Jorden"]
[Result "1-0"]
[WhiteTitle "GM"]
[BlackTitle "GM"]
[WhiteElo "2772"]
[BlackElo "2688"]
[WhiteFideId "5202213"]
[BlackFideId "1039784"]
[EventDate "2021.08.03"]
[EventType "k.o."]

1. d4 Nf6 2. c4 g6 3. Nc3 Bg7 4. e4 d6 5. Nf3 O-O 6. Be2 e5 7. O-O exd4 8. Nxd4
Re8 9. f3 c6 10. Kh1 d5 11. cxd5 cxd5 12. Bg5 Nc6 13. Bb5 h6 14. Bh4 Qb6 15.
Nxc6 bxc6 16. Bxf6 Bxf6 17. Nxd5 cxd5 18. Bxe8 Bb7 19. Qa4 dxe4 20. Qd7 exf3 21.
Qxf7+ Kh8 22. gxf3 Bg7 23. Qxg6 Qxb2 24. Bc6 Qb6 25. Rac1 Rg8 26. Qe4 Bc8 27.
Rg1 Qf2 28. Bd5 Rf8 29. Rxg7 1-0

[Event "Chessable Masters KO"]
[Site "chess24.com INT"]
[Date "2021.08.04"]
[Round "1.22"]
[White "Aronian, Levon"]
[Black "Mamedyarov, Shakhriyar"]
[Result "0-1"]
[WhiteTitle "GM"]
[BlackTitle "GM"]
[WhiteElo "2782"]
[BlackElo "2782"]
[WhiteFideId "13300474"]
[BlackFideId "13401319"]
[EventDate "2021.08.03"]
[EventType "k.o."]

1. d4 d5 2. c4 dxc4 3. e3 e5 4. Bxc4 Nc6 5. Nf3 e4 6. Qb3 Nh6 7. Nfd2 f5 8. Nc3
Bd6 9. Be2 Nf7 10. Nc4 Be7 11. O-O O-O 12. d5 Nb8 13. f3 exf3 14. Bxf3 Nd7 15.
e4 Nd6 16. Be3 Nxc4 17. Qxc4 Ne5 18. Qb3 Bd6 19. Nb5 Qh4 20. Nxd6 cxd6 21. g3
Qe7 22. Bg2 fxe4 23. Rxf8+ Qxf8 24. Rc1 Nf3+ 25. Kh1 Qf7 26. Bf4 Qh5 27. h4 g5
28. Bxd6 gxh4 29. Bxf3 exf3 30. gxh4 Qxh4+ 31. Bh2 Qe4 32. Qc2 Qxd5 33. Rg1+ Kf8
34. Bd6+ Ke8 35. Re1+ Be6 36. Qa4+ b5 37. Rxe6+ Qxe6 38. Qxb5+ Kf7 39. Qh5+ Kg8
40. Qg5+ Kf7 41. Qh5+ Kg7 42. Be5+ Kg8 43. Qxf3 Rd8 44. Qg3+ Qg6 45. Qb3+ Kf8
46. Qb4+ Ke8 47. Qb5+ Rd7 48. Qb8+ Ke7 49. Qb4+ Ke6 50. Qe1 Qf5 51. Bc3+ Kf7 52.
Qe2 Rd3 53. Qg2 Qh3+ 54. Qxh3 Rxh3+ 55. Kg2 Rxc3 0-1

[Event "Chessable Masters KO"]
[Site "chess24.com INT"]
[Date "2021.08.04"]
[Round "1.23"]
[White "Van Foreest, Jorden"]
[Black "So, Wesley"]
[Result "1/2-1/2"]
[WhiteTitle "GM"]
[BlackTitle "GM"]
[WhiteElo "2688"]
[BlackElo "2772"]
[WhiteFideId "1039784"]
[BlackFideId "5202213"]
[EventDate "2021.08.03"]
[EventType "k.o."]

1. e4 e5 2. Nf3 Nf6 3. Nxe5 d6 4. Nf3 Nxe4 5. d4 d5 6. Bd3 Nc6 7. O-O Be7 8. Re1
Bg4 9. c4 Nf6 10. Nc3 Bxf3 11. Qxf3 Nxd4 12. Qg3 dxc4 13. Bxc4 O-O 14. Bg5 Bd6
15. Qd3 Ne6 16. Bh4 Nf4 17. Qf3 Ng6 18. Bxf6 Qxf6 19. Qxf6 gxf6 20. Nd5 Kg7 21.
Ne3 Ne7 22. g3 f5 23. Rad1 Rad8 24. Kg2 f4 25. Nc2 Ng6 26. Nd4 Kf6 27. Nf3 Bb4
28. Rxd8 Rxd8 29. Re4 fxg3 30. fxg3 Bd6 31. Re2 Bc5 32. h4 h6 33. Re4 Bd6 34.
Re1 Ne7 35. Rf1 Kg7 36. Ne5 f6 37. Nf7 Rf8 38. Nxd6 cxd6 39. Re1 Nc6 40. Bd5 Rd8
41. h5 Rd7 42. Re8 Ne7 43. Be6 Rc7 44. g4 f5 45. gxf5 Kf6 46. Rf8+ Ke5 47. Rf7
Rc2+ 48. Kg3 Nc6 49. Rxb7 Nd4 50. Rxa7 Rxb2 51. Ra5+ Kf6 52. Bc8 Rc2 53. Ba6
Nxf5+ 54. Kf3 d5 55. Bd3 Rd2 56. Rxd5 Ke6 57. Rxf5 Rxd3+ 58. Kg4 Ra3 59. Rf2 Ke5
60. Re2+ Kf6 61. Rg2 Ke5 62. Kh4 Ra4+ 63. Kh3 Ra3+ 64. Kh2 Kf4 65. Kg1 Ra5 66.
Rf2+ Kg4 67. Rh2 Kg3 68. Rg2+ Kf3 69. Rf2+ Kg3 70. Rg2+ Kf3 71. Rf2+ Kg3 72.
Rg2+ 1/2-1/2

[Event "Chessable Masters KO"]
[Site "chess24.com INT"]
[Date "2021.08.04"]
[Round "1.23"]
[White "Mamedyarov, Shakhriyar"]
[Black "Aronian, Levon"]
[Result "0-1"]
[WhiteTitle "GM"]
[BlackTitle "GM"]
[WhiteElo "2782"]
[BlackElo "2782"]
[WhiteFideId "13401319"]
[BlackFideId "13300474"]
[EventDate "2021.08.03"]
[EventType "k.o."]

1. Nf3 d5 2. g3 g6 3. c4 dxc4 4. Na3 Bg7 5. Nxc4 c5 6. d3 Nc6 7. Bg2 Nf6 8. Be3
Nd5 9. Bxc5 b6 10. Be3 b5 11. Ncd2 O-O 12. d4 Qb6 13. Nb3 Nxe3 14. fxe3 Bh6 15.
Rc1 Bd7 16. Kf2 e5 17. Nc5 Rad8 18. Nxd7 Rxd7 19. Rxc6 Qxc6 20. Nxe5 Qf6+ 21.
Bf3 Bxe3+ 22. Kxe3 Re8 23. Kf2 Rxe5 24. dxe5 Qb6+ 25. Kg2 Rxd1 26. Rxd1 a5 27.
Rd7 Kf8 28. Bd5 Qd4 29. b3 Ke8 30. Bc6 Qc5 31. Rd6+ Ke7 32. Bf3 Qxe5 33. Rd5 Qb8
34. a4 bxa4 35. bxa4 Qb4 36. Re5+ Kd6 37. Re4 Qc3 38. g4 h6 39. Rf4 Qb3 40. Kf2
Qc2 41. Re4 Qc5+ 42. Kg2 Qg5 43. Kf2 Qc5+ 44. Kg2 Qc3 45. Rf4 Qc2 46. Re4 f5 47.
gxf5 gxf5 48. Rh4 Ke5 49. Kh3 Qc1 50. Kg2 Qg5+ 51. Kh3 Qg1 52. Rxh6 Kf4 53. Rh4+
Ke3 54. Rc4 Qg5 55. Rh4 Kf2 56. Rh5 Qf6 57. Rh4 Kg1 58. Rh5 Qg6 59. Rh8 Qg5 60.
Rh4 Qf6 61. Rh5 Qe5 62. Rg5+ Kf2 63. Rh5 Qf4 64. Rh4 Qg5 65. Rh5 Qg6 66. Rh4 Kg1
67. Rh5 Qf6 68. Ba8 Qe5 69. Rg5+ Kf2 70. Bf3 Qf4 71. Rg2+ Ke1 72. Rg1+ Kd2 73.
Ra1 Qh6+ 0-1

[Event "Chessable Masters KO"]
[Site "chess24.com INT"]
[Date "2021.08.05"]
[Round "2.11"]
[White "So, Wesley"]
[Black "Artemiev, Vladislav"]
[Result "1/2-1/2"]
[WhiteTitle "GM"]
[BlackTitle "GM"]
[WhiteElo "2772"]
[BlackElo "2704"]
[WhiteFideId "5202213"]
[BlackFideId "24101605"]
[EventDate "2021.08.03"]
[EventType "k.o."]

1. d4 d5 2. c4 e6 3. Nc3 c5 4. cxd5 exd5 5. Nf3 Nc6 6. dxc5 d4 7. Na4 Bxc5 8.
Nxc5 Qa5+ 9. Qd2 Qxc5 10. a3 Nge7 11. b4 Qb6 12. Bb2 O-O 13. Bxd4 Nxd4 14. Qxd4
Nc6 15. Qb2 a5 16. b5 a4 17. e3 Na5 18. Qb4 Rd8 19. Be2 Nb3 20. Rd1 Rxd1+ 21.
Bxd1 Bd7 22. Be2 Qa5 23. Qxa5 Rxa5 24. b6 Kf8 25. O-O Rc5 26. Rd1 Ke7 27. Kf1
Rc3 28. Ne5 Be6 29. Ke1 Nc5 30. Ra1 Nb3 31. Rd1 Nc5 32. Ra1 Nb3 33. Rd1 1/2-1/2

[Event "Chessable Masters KO"]
[Site "chess24.com INT"]
[Date "2021.08.05"]
[Round "2.11"]
[White "Aronian, Levon"]
[Black "Le, Quang Liem"]
[Result "1/2-1/2"]
[WhiteTitle "GM"]
[BlackTitle "GM"]
[WhiteElo "2782"]
[BlackElo "2709"]
[WhiteFideId "13300474"]
[BlackFideId "12401137"]
[EventDate "2021.08.03"]
[EventType "k.o."]

1. e4 e5 2. Nf3 Nc6 3. Bc4 Nf6 4. d3 Bc5 5. Bg5 h6 6. Bh4 d6 7. c3 a6 8. Nbd2
Ba7 9. O-O Qe7 10. Re1 g5 11. Bg3 Nh7 12. Nf1 h5 13. h4 g4 14. N3d2 Nf8 15. Ne3
Bxe3 16. fxe3 Ng6 17. Rf1 Be6 18. Qe1 O-O 19. Rf5 Kg7 20. Bxe6 Qxe6 21. Qf2 f6
22. Rf1 Nge7 23. Rxh5 Qf7 24. Rf5 Nxf5 25. exf5 Qxa2 26. Qe2 Rg8 27. Qxg4+ Kf8
28. Qf3 d5 29. c4 Qxb2 30. cxd5 Qxd2 31. dxc6 b5 32. d4 exd4 33. Bf4 dxe3 34.
Rd1 Rxg2+ 35. Kh1 Rh2+ 36. Bxh2 e2 37. Rxd2 e1=Q+ 38. Bg1 Qxd2 39. Bc5+ Kg7 40.
Qg4+ Kh8 41. Qh5+ Kg7 42. Qg6+ Kh8 43. Qxf6+ Kg8 44. Qe6+ Kh8 45. Qf6+ Kh7 46.
Qe7+ Kh8 47. Qe5+ Kg8 48. Bd4 Qh6 49. Qg3+ Kf8 50. Bc5+ Kf7 51. Qxc7+ Kg8 52.
Qg3+ Kh7 53. f6 Rg8 54. Qf2 Qh5 55. f7 Qd5+ 56. Kh2 Qe5+ 57. Kh3 Qe6+ 58. Kh2
Qe5+ 59. Kh3 Qe6+ 60. Kh2 Qe5+ 1/2-1/2

[Event "Chessable Masters KO"]
[Site "chess24.com INT"]
[Date "2021.08.05"]
[Round "2.12"]
[White "Artemiev, Vladislav"]
[Black "So, Wesley"]
[Result "1/2-1/2"]
[WhiteTitle "GM"]
[BlackTitle "GM"]
[WhiteElo "2704"]
[BlackElo "2772"]
[WhiteFideId "24101605"]
[BlackFideId "5202213"]
[EventDate "2021.08.03"]
[EventType "k.o."]

1. Nf3 d5 2. b3 Bg4 3. e3 Nd7 4. Bb2 Ngf6 5. h3 Bh5 6. g4 Bg6 7. g5 Ng8 8. h4
Bh5 9. Be2 h6 10. c4 e6 11. cxd5 exd5 12. Nd4 Bxe2 13. Qxe2 hxg5 14. Nc3 Ngf6
15. O-O-O Rxh4 16. Rhg1 g6 17. Nf3 Rh5 18. e4 g4 19. exd5+ Qe7 20. Nd4 Qxe2 21.
Ndxe2 Bd6 22. Ng3 Bxg3 23. Rxg3 Rf5 24. Re3+ Kf8 25. Rh1 Nh5 26. Ba3+ Kg8 27.
Re7 Rd8 28. d6 cxd6 29. Bxd6 Ndf6 30. Be5 Rxf2 31. Rxb7 g3 32. Rg1 g2 33. Nd1
Rfxd2 34. Rb8 Rxb8 35. Kxd2 Rd8+ 36. Kc2 Ng4 37. Bc3 Nf4 38. Bd2 Rd4 39. Bxf4
Rxf4 40. Rxg2 Kg7 41. Rd2 a5 42. Rd5 a4 43. bxa4 Rxa4 44. Kb3 Re4 45. a4 Ne3 46.
Nc3 Nxd5 47. Nxe4 f5 48. Nc3 Nc7 49. Kc4 g5 50. Nd5 Na6 51. Kd4 Kg6 52. Ke5 g4
53. Ne7+ Kg5 54. Nxf5 Nc5 55. a5 Nd3+ 56. Ke4 Nc5+ 57. Ke5 Nd7+ 58. Ke4 Nc5+ 59.
Ke5 1/2-1/2

[Event "Chessable Masters KO"]
[Site "chess24.com INT"]
[Date "2021.08.05"]
[Round "2.12"]
[White "Le, Quang Liem"]
[Black "Aronian, Levon"]
[Result "1-0"]
[WhiteTitle "GM"]
[BlackTitle "GM"]
[WhiteElo "2709"]
[BlackElo "2782"]
[WhiteFideId "12401137"]
[BlackFideId "13300474"]
[EventDate "2021.08.03"]
[EventType "k.o."]

1. d4 Nf6 2. Nf3 d5 3. e3 c5 4. dxc5 e6 5. b4 b6 6. cxb6 Bxb4+ 7. c3 Bc5 8. Bb5+
Nbd7 9. bxa7 O-O 10. O-O Rxa7 11. Nbd2 Ba6 12. Bxa6 Rxa6 13. c4 Qa8 14. Qc2 Rc8
15. Bb2 Be7 16. Rfc1 Ra4 17. Qd3 Qa6 18. Bxf6 Nxf6 19. Ne5 Rxa2 20. Qd4 h6 21.
h3 Bc5 22. Qc3 Bd6 23. Rxa2 Qxa2 24. Nd3 Qa7 25. c5 Be7 26. c6 Bd6 27. Nf3 Ne4
28. Qc2 Qa6 29. Nd4 g6 30. Qb3 Kg7 31. Qb2 Kh7 32. Qb5 Qa2 33. Qb7 Rc7 34. Qb1
Qxb1 35. Rxb1 Kg7 36. Rb7 Kf8 37. Rxc7 Bxc7 38. Nb5 Bb6 39. c7 Nd6 40. Nxd6 Bxc7
41. Nb5 Bd8 42. Kf1 h5 43. g3 Bf6 44. Ke2 Ke7 45. f4 Ba1 46. Kf3 Kf6 47. Nd6 Ke7
48. Nb5 Kf6 49. Nd4 Ke7 50. g4 hxg4+ 51. hxg4 Bc3 52. Ne5 Bb2 53. Ke2 Ba3 54.
Ndf3 Bd6 55. Ng5 f5 56. Ngf3 fxg4 57. Nxg4 Kf7 58. Kf2 Bc7 59. Ng5+ Ke7 60. Kf3
Ba5 61. Ne5 Bc3 62. Kg4 Bd2 63. Kf3 Bc3 64. Ke2 Kf6 65. Ng4+ Kf5 66. Nh6+ Kf6
67. Kd3 Ba1 68. Nf3 Bb2 69. Ng4+ Kf5 70. Nf2 Kf6 71. Nh4 Kg7 72. Ng4 Ba1 73. Kc2
Kf7 74. Nf3 Kg7 75. Ng5 e5 76. fxe5 Kf8 77. Kd3 Ke7 78. Nh3 Ke6 79. Nf4+ Kf5 80.
e6 Bf6 81. Nxf6 Kxf6 82. Kd4 g5 83. Kxd5 1-0

[Event "Chessable Masters KO"]
[Site "chess24.com INT"]
[Date "2021.08.05"]
[Round "2.13"]
[White "So, Wesley"]
[Black "Artemiev, Vladislav"]
[Result "1-0"]
[WhiteTitle "GM"]
[BlackTitle "GM"]
[WhiteElo "2772"]
[BlackElo "2704"]
[WhiteFideId "5202213"]
[BlackFideId "24101605"]
[EventDate "2021.08.03"]
[EventType "k.o."]

1. e4 c5 2. Nf3 e6 3. d4 cxd4 4. Nxd4 Nc6 5. Nc3 Qc7 6. Be3 a6 7. Qd2 Nf6 8.
O-O-O Be7 9. f3 b5 10. g4 Nxd4 11. Bxd4 Bb7 12. Kb1 O-O 13. h4 b4 14. Na4 d5 15.
Nb6 Rad8 16. e5 Ne4 17. fxe4 dxe4 18. Qe2 Rxd4 19. Rxd4 Qxb6 20. Rd7 Bc5 21. Bg2
Bd5 22. Bxe4 Qc6 23. Rxd5 exd5 24. Bf3 Qe6 25. Rd1 Rd8 26. g5 Kh8 27. Qc4 Bf8
28. Qf4 d4 29. Bg4 Qd5 30. h5 Be7 31. h6 gxh6 32. gxh6 Rg8 33. e6 fxe6 34. Qf7
Qg5 35. Qxe6 Rg6 36. Qc8+ Rg8 37. Qc7 Bf6 38. Be6 Rf8 39. Qd6 Qxh6 40. Qxb4 d3
41. c3 Bg7 42. Bc4 d2 43. Bd3 Qe3 44. Kc2 Rd8 45. Bxa6 Qf3 46. Rxd2 Rxd2+ 47.
Kxd2 Qd5+ 48. Kc2 Qxa2 49. Qb8+ Qg8 50. Qxg8+ Kxg8 51. b4 Kf7 52. c4 Ke6 53. c5
Bf8 54. Bb7 Ke5 55. Kd3 h5 56. Kc4 h4 57. Bc8 Kf6 58. b5 Ke7 59. b6 Kd8 60. Bh3
Bh6 61. c6 Bf4 62. Kb5 Be5 63. Ka6 Bf4 64. Kb7 Be5 65. c7+ 1-0